000 00485cam a2200193ua 4500
020 _c100.00
041 _aeng
_h
082 _a828.09
_bELL/EI
100 _aElledge, Scott .
245 _aEighteenth century critical essays /
_cScott Elledge.
_hTextual Documents
250 _a1 /
_b.
260 _aNew York :
_bCornell university Press ,
_c1961.
300 _a565 ; .
365 _a100.00
504 _a
942 _cBK
999 _c5308
_d5308